On This Day: February 18th II Quiz Stats

 Plays Quiz Updated Feb 19, 2018

Score 0/7 Timer 03:00
0 Plays Today
Question Answer Wrong Answers
The first Church of ______ is established in Los Angeles.
1954
Scientology
93.2%
Atheism
1.8%
Paganism
1%
Rastafarianism
2.7%
This seven-time NASCAR Sprint Cup Series champion tragically dies in an accident during the Daytona 500.
2001
Dale Earnhardt
84.2%
Kenny Irwin Jr.
6.9%
Rodney Orr
3.7%
Neil Bonnett
3.5%
This American rapper and producer, co-founder of Beats Electronics, is born.
1965
Dr. Dre
70.3%
Snoop Dogg
9.3%
Ice Cube
4.2%
JAY-Z
14.8%
With unification almost complete, Victor Emmanuel II of Piedmont, Savoy, and Sardinia assumes the title of King of ______.
1861
Italy
69.8%
France
11%
Spain
15.3%
Germany
3.9%
This nation declares the puppet state of Manzhouguo independent from the Republic of China.
1932
Japan
48.9%
Philippines
18.3%
Vietnam
21.6%
Russia
10.4%
In New Mexico, John Tunstall is murdered by outlaw Jesse Evans, sparking the Lincoln County War, which becomes famous because of the participation of ______.
1878
Billy the Kid
45.7%
Buffalo Bill
10.2%
Sitting Bull
8.1%
Wyatt Earp
35.6%
WikiLeaks publishes the first of hundreds of thousands of classified documents disclosed by this controversial former American soldier.
2010
Chelsea Manning
40.1%
Edward Snowden
36%
Julian Assange
17.6%
Bowe Bergdahl
4.4%

You're not logged in!

Compare scores with friends on all Sporcle quizzes.
OR
Log In

You Might Also Like...

Show Comments

Extras

Top Quizzes Today


Score Distribution

Your Account Isn't Verified!

In order to create a playlist on Sporcle, you need to verify the email address you used during registration. Go to your Sporcle Settings to finish the process.

Report this User

Report this user for behavior that violates our Community Guidelines.

Details: